Adaptive video transmission over MIMO channels (Record no. 10478)
[ view plain ]
| 000 -LEADER | |
|---|---|
| fixed length control field | 00541 a2200133 4500 |
| 082 ## - DEWEY DECIMAL CLASSIFICATION NUMBER | |
| Classification number | MS-CSE |
| 100 ## - MAIN ENTRY--PERSONAL NAME | |
| Personal name | Sobia Jangsher |
| 9 (RLIN) | 102131 |
| 245 ## - TITLE STATEMENT | |
| Title | Adaptive video transmission over MIMO channels |
| Statement of responsibility, etc. | Sobia Jangsher |
| 260 ## - PUBLICATION, DISTRIBUTION, ETC. | |
| Place of publication, distribution, etc. | Islamabad : |
| Name of publisher, distributor, etc. | NUST School of Electrical Engineering & Computer Science, |
| Date of publication, distribution, etc. | 2011. |
| 300 ## - PHYSICAL DESCRIPTION | |
| Extent | viii, 47 p. : |
| Other physical details | ill. ; |
| Dimensions | 27 cm. + |
| Accompanying material | CD ROM. |
| 500 ## - GENERAL NOTE | |
| General note | Dr. Syed Ali Khayam, Dr. Rehan Hafeez, Mr. M. Ramzan, Dr. Murtaza Khan. |
| 856 ## - ELECTRONIC LOCATION AND ACCESS | |
| Uniform Resource Identifier | <a href="http://10.250.8.41:8080/xmlui/handle/123456789/7998">http://10.250.8.41:8080/xmlui/handle/123456789/7998</a> |
| 942 ## - ADDED ENTRY ELEMENTS (KOHA) | |
| Koha item type | Project Report |
| Call number prefix | MS-CSE-1 SOB |
| Source of classification or shelving scheme | |
| Withdrawn status | Lost status | Damaged status | Not for loan | Permanent Location | Current Location | Total Checkouts | Full call number | Barcode | Date last seen | Price effective from | Koha item type |
|---|---|---|---|---|---|---|---|---|---|---|---|
| Central Library (CL) | Central Library (CL) | MS-CSE-1 SOB | SEECSP00952 | 11/14/2012 | 11/14/2012 | Project Report |
